|
|
|
|
| LEADER |
00000nam a2200000 a 4500 |
| 001 |
UCW3886 |
| 003 |
CL-VaPUC |
| 008 |
890518e19880000CL |||||||||||||||||spa|d |
| 082 |
0 |
4 |
|a 613.0433
|b FLO
|2 21
|
| 100 |
0 |
|
|a Florenzano Urzúa, Ramón
|e author
|9 308300
|
| 700 |
|
|
|a Maddaleno H., Matilde
|e autora
|9 470322
|
| 700 |
0 |
|
|a Bobadilla L., Eduardo
|e author
|9 308302
|
| 700 |
0 |
|
|a Alvarez Urquidi, Gonzalo
|e author
|9 308303
|
| 245 |
1 |
3 |
|a La salud del adolescente en Chile
|
| 300 |
|
|
|a 268 p
|
| 942 |
|
|
|c BK
|
| 945 |
|
|
|d 19890518 00:00:00
|
| 260 |
|
|
|a Santiago
|b CPU
|c 1988
|
| 650 |
|
7 |
|a JUVENTUD SALUD E HIGIENE
|2 CL-VaPUC
|9 308304
|
| 651 |
|
7 |
|a CHILE
|2 CL-VaPUC
|9 308305
|
| 583 |
|
|
|a last modification
|c 19890518 00:00:00
|k Rodrigo Vera
|
| 999 |
|
|
|c 217751
|d 217749
|
| 952 |
|
|
|0 0
|1 0
|4 0
|6 613_043300000000000_FLO_1988
|7 0
|8 P
|9 205936
|a BIBEDU
|b BIBEDU
|c BIBEDU_PB
|d 2019-11-15
|i 2738880
|o 613.0433 FLO 1988
|p 2738880
|r 2024-01-25
|w 2019-11-15
|y BK
|k EDU
|
| 952 |
|
|
|0 0
|1 0
|4 0
|6 613_043300000000000_FLO_1988
|7 0
|8 P
|9 205937
|a BIBEDU
|b BIBEDU
|c BIBEDU_PB
|d 2019-11-15
|i 2738899
|o 613.0433 FLO 1988
|p 2738899
|r 2024-01-25
|w 2019-11-15
|y BK
|k EDU
|
| 952 |
|
|
|0 0
|1 0
|4 0
|6 613_043300000000000_FLO_1988
|7 0
|8 A
|9 205938
|a BIBGIM
|b BIBGIM
|d 2019-11-15
|i 2738902
|o 613.0433 FLO 1988
|p 2738902
|r 2025-01-15
|w 2019-11-15
|y BK
|k SSL
|